00997naa#a2200193#i#4500001001600000005001700016011001400033100004100047102000700088200022500095210016900320215001100489608004500500675006900545700005200614700005400666700006200720856002100782RU\\bibl\11968320260417075938.5##a2311-8873##a20260410b2026####ek#y0rusy0150####ca##aRU1#aСОВЕРШЕНСТВОВАНИЕ ЛОГИСТИЧЕСКИХ ПРОЦЕССОВ ВЫВОЗА ОТХОДОВ ПОСРЕДСТВОМ ИМИТАЦИОННОГО МОДЕЛИРОВАНИЯeЖурнальная статья1#aВоронежcВоронежский государственный лесотехнический университет имени Г.Ф. Морозоваd2026##a11 с.##aЖурнальная статья2local##aПеревозки пассажиров и грузов. 656.025#1aМавринgВадим Геннадьевич#1aМакароваgИрина Викторовна#1aЗайнутдиноваgАйгель Рафисовна4#avntv.editorum.ru